书目信息 |
| 题名: |
产出导向法 : 中国外语教育理论创新探索= Production-oriented approach : developing a theory of foreign language education with Chinese features
|
|
| 作者: | 文秋芳 著 | |
| 分册: | ||
| 出版信息: | 北京 外语教学与研究出版社 2020.10 |
|
| 页数: | 228页 | |
| 开本: | 20cm | |
| 丛书名: | ||
| 单 册: | ||
| 中图分类: | H09 | |
| 科图分类: | ||
| 主题词: | 语言教学 | |
| 电子资源: | ||
| ISBN: | 978-7-5213-2120-3 | |
| 000 | 00847nam0 2200193 450 | |
| 001 | 2138560000 | |
| 005 | 20210926104441.13 | |
| 010 | @a978-7-5213-2120-3@dCNY55.90 | |
| 100 | @a20210926d2020 km y0chiy0120 ea | |
| 101 | 0 | @achi |
| 102 | @aCN@b110000 | |
| 200 | 1 | @a产出导向法 : 中国外语教育理论创新探索= Production-oriented approach : developing a theory of foreign language education with Chinese features@AChan Chu Dao Xiang Fa:Zhong Guo Wai Yu Jiao Yu Li Lun Chuang Xin Tan Suo=Production-oriented approach:developing a theory of foreign language education with Chinese features@f文秋芳著@FWen Qiu Fang Zhu |
| 210 | @a北京@c外语教学与研究出版社@d2020.10 | |
| 215 | @a228页@d20cm | |
| 606 | 0 | @a语言教学 |
| 690 | @aH09@v4 | |
| 701 | 0 | @a文秋芳@AWen Qiu Fang@4著 |
| 801 | 0 | @aCN@b大连网信软件有限公司图书馆·11@c20210926 |
| 905 | @aZUCC@dH09@eW6501 | |
| 产出导向法 : 中国外语教育理论创新探索= Production-oriented approach : developing a theory of foreign language education with Chinese features/文秋芳著.-北京:外语教学与研究出版社,2020.10 |
| 228页;20cm |
| ISBN 978-7-5213-2120-3:CNY55.90 |
| ● |
| 相关链接 |
|
|
|
正题名:产出导向法 : 中国外语教育理论创新探索= P
索取号:H09/W6501
 
预约/预借
| 序号 | 登录号 | 条形码 | 馆藏地/架位号 | 状态 | 备注 |
| 1 | 1502815 | 215028155 | 外国语学院资料室/ [索取号:H09/W6501] | 在馆 | |
| 2 | 1502816 | 215028164 | 外国语学院资料室/ [索取号:H09/W6501] | 在馆 | |
| 3 | 1502817 | 215028173 | 外国语学院资料室/ [索取号:H09/W6501] | 在馆 | |
| 4 | 1502818 | 215028182 | 外国语学院资料室/ [索取号:H09/W6501] | 在馆 |